| 000 | 00357nam a22001457a 4500 | ||
|---|---|---|---|
| 008 | 230504b |||||||| |||| 00| 0 eng d | ||
| 020 | _a978-81-315-2662-0 | ||
| 100 | _aE. F. Brigham & M. C. Ehrhardt | ||
| 245 | _aFinancial Management | ||
| 250 | _a4th Ed. | ||
| 260 |
_bCengage Learning _c2016 |
||
| 300 | _a672 | ||
| 546 | _aEnglish | ||
| 942 |
_2ddc _cBK |
||
| 999 |
_c20009 _d20009 |
||